Data structures and algorithms / (Record no. 617)
[ view plain ]
| 000 -LEADER | |
|---|---|
| fixed length control field | 00755cac a22002291u 4500 |
| 090 ## - LOCALLY ASSIGNED LC-TYPE CALL NUMBER (OCLC); LOCAL CALL NUMBER (OCLC) | |
| -- | 617 |
| 008 - FIXED-LENGTH DATA ELEMENTS--GENERAL INFORMATION | |
| fixed length control field | 081102t1983 xxu||||| |||| 00| 0 eng d |
| 010 ## - LIBRARY OF CONGRESS CONTROL NUMBER | |
| LC control number | 82011596 |
| 020 ## - INTERNATIONAL STANDARD BOOK NUMBER | |
| International Standard Book Number | 0201000237 |
| 082 00 - DEWEY DECIMAL CLASSIFICATION NUMBER | |
| Classification number | 001.64 |
| Item number | A2869 |
| 100 ## - MAIN ENTRY--PERSONAL NAME | |
| Personal name | Aho, Alfred V. |
| 9 (RLIN) | 17981 |
| 245 10 - TITLE STATEMENT | |
| Title | Data structures and algorithms / |
| Statement of responsibility, etc | Alfred V. Aho, John E. Hopcroft, Jeffrey D. Ullman. |
| 260 ## - PUBLICATION, DISTRIBUTION, ETC. (IMPRINT) | |
| Place of publication, distribution, etc | Reading, Mass: |
| Name of publisher, distributor, etc | Addison-Wesley, |
| Date of publication, distribution, etc | c1983. |
| 300 ## - PHYSICAL DESCRIPTION | |
| Extent | xi, 427 p. : |
| Other physical details | ill. ; |
| Dimensions | 25 cm. |
| 500 ## - GENERAL NOTE | |
| General note | Includes index. |
| 504 ## - BIBLIOGRAPHY, ETC. NOTE | |
| Bibliography, etc | Bibliography: p. [411]-417. |
| 650 #0 - SUBJECT ADDED ENTRY--TOPICAL TERM | |
| Topical term or geographic name as entry element | Data structures (Computer science) |
| 650 #0 - SUBJECT ADDED ENTRY--TOPICAL TERM | |
| Topical term or geographic name as entry element | Computer algorithms. |
| 700 1# - ADDED ENTRY--PERSONAL NAME | |
| Personal name | Hopcroft, John E., |
| Dates associated with a name | 1939- |
| 9 (RLIN) | 17984 |
| 700 1# - ADDED ENTRY--PERSONAL NAME | |
| Personal name | Ullman, Jeffrey D., |
| Dates associated with a name | 1942- |
| 942 ## - ADDED ENTRY ELEMENTS (KOHA) | |
| Item type | Book - Borrowing |
| Call number prefix | 001.64A2869 |
| Source of classification or shelving scheme | Dewey Decimal Classification |
| Withdrawn status | Item status | Source of classification or shelving scheme | Damaged status | Not for loan | Vendor | Home library | Current library | Shelving location | Date acquired | Source of acquisition | Cost, normal purchase price | Total Checkouts | Total Renewals | Full call number | Barcode | Date last seen | Date last borrowed | Cost, replacement price | Koha item type |
|---|---|---|---|---|---|---|---|---|---|---|---|---|---|---|---|---|---|---|---|
| Dewey Decimal Classification | Central Library | Central Library | Lower Floor | 19/07/2006 | 76.00 | 2 | 1 | 001.64 AHO | 000003992 | 15/07/2025 | 03/01/2011 | 95.00 | Book - Borrowing |